header

The future of the cognitive revolution (Record no. 3810)

MARC details
000 -LEADER
fixed length control field 01389nam a2200361Ia 4500
245 04 - TITLE STATEMENT
Title The future of the cognitive revolution
260 ## - PUBLICATION, DISTRIBUTION, ETC. (IMPRINT)
Place of publication New York :
Name of publisher Oxford University Press,
Year of publication 1997.
300 ## - PHYSICAL DESCRIPTION
Number of Pages x, 401 p. :
Other physical details ill.
650 #0 - SUBJECT ADDED ENTRY--TOPICAL TERM
Topical Term Cognition.
Topical Term Cognitive science.
Topical Term Philosophy and cognitive science.
Topical Term Human information processing.
Topical Term Artificial intelligence.
700 1# - ADDED ENTRY--PERSONAL NAME
Personal name Johnson, David Martel.
Personal name Erneling, Christina E.,
856 40 - ELECTRONIC LOCATION AND ACCESS
Uniform Resource Identifier http://site.ebrary.com/lib/rucke/Doc?id=10279244

No items available.

© 2026 Rongo University
Contact us: librarian | system librarian | Rongo university